| 000 | 00568nam a2200205Ii 4500 | ||
|---|---|---|---|
| 001 | 13127 | ||
| 003 | CO-ViMGA | ||
| 008 | 241108s9999||||xx |||||||||||||| ||und|| | ||
| 040 |
_aCO-ViMGA _bspa _erda _cCO-ViMGA |
||
| 041 | 0 | _aspa | |
| 084 | _aN HAI1a | ||
| 100 | 1 |
_aArthur Hailey _945007 |
|
| 245 | 1 | 0 | _aEl apagón |
| 264 | 1 | _aBogotá, Colombia : Círculo de Lectores, 1978 | |
| 300 | _avolumen | ||
| 336 |
_atext _btxt _2rdacontent |
||
| 337 |
_aunmediated _bn _2rdamedia |
||
| 338 |
_avolume _bnc _2rdacarrier |
||
| 940 | _aidficha_siabuc: 12831. -- ficha_no_siabuc:13127 | ||
| 999 |
_c39489 _d39489 |
||